Music Quiz

Random Music or Song Quiz

A Complicated Song - Weird Al Quiz Stats

 Plays Quiz not verified by Sporcle

Also try: 3-D Music
Challenge
Share
Tweet
Embed
Score 0/11 Timer 02:00
0 Plays Today
% Correct
Eat
79.3%
Snore
65.5%
Yodel
62.1%
Breathe
58.6%
Read Sports Illustrated
55.2%
Belch
51.7%
Sneeze
51.7%
Blow my nose
41.4%
Spit
37.9%
Cough
34.5%
Blink
24.1%

You're not logged in!

Compare scores with friends on all Sporcle quizzes.
OR
Log In

You Might Also Like...

Show Comments

Extras

Top Quizzes Today


Score Distribution

Your Account Isn't Verified!

In order to create a playlist on Sporcle, you need to verify the email address you used during registration. Go to your Sporcle Settings to finish the process.

Report this User

Report this user for behavior that violates our Community Guidelines.

Details: